| 000 | 01311nam a22002897a 4500 | ||
|---|---|---|---|
| 001 | 5703 | ||
| 003 | FISKH | ||
| 005 | 20250115091927.0 | ||
| 008 | 250115b cb ||||| |||| 00| 0 eng d | ||
| 020 | _a9781407133232 | ||
| 040 |
_aFISKH _beng _cFISKH _dFISKH |
||
| 050 | _aPZ7 | ||
| 082 | _a823.92 | ||
| 100 | _aDavies, Kate | ||
| 245 |
_aLamb all alone : _bBased on a real-life animal rescue / _cBy Kate Davies ; Illustrated by Jon Davis |
||
| 260 |
_aLondon ; _bScholastic, _c2013. |
||
| 300 |
_a128 pages ; _billustrations ; _c20 cm |
||
| 490 | _aRSPCA | ||
| 505 | _aQ | ||
| 520 | _aBen's school is closed due to a flood warning. This could be a real emergency! At home, Ben and his family start to secure the house against the rising water. But what about the sheep in the field at the end of his garden? The farmer is stuck on his farm and can't rescue them. Luckily, the RSPCA are on hand to help. Together Ben's family and the RSPCA Inspector herd the animals to safety - through Ben's garden! But one little lamb has been left behind. How will they get the animal across the deep water? | ||
| 521 | 8 |
_a650
_bLexile estimate |
|
| 521 | 8 |
_aQ
_bRaz-Plus |
|
| 650 |
_aNon-Fiction _vRainbow _xToran |
||
| 700 |
_aDavis, Jon _eillustrator |
||
| 942 |
_2ddc _cBK _n0 |
||
| 999 |
_c5703 _d5703 |
||